000
00537nam a2200133Ia 4500
008
100328s9999 xx 000 0 und d
082
_b
60630
100
_a
करंदीकर ज.स.
245
_a
श्रीगणेशोत्सवाची साठ वर्षे.
260
_b
केसरी मुद्रणालय.
630
_a
श्रीगणेशोत्सवाची साठ वर्षे.
730
_a
श्रीगणेशोत्सवाची साठ वर्षे.
942
_c
BOOK
999
_c
546766
_d
546763